00651cam a22002057i 4500020002600000020002300026022001300049040001000062082002600072100002000098245008100118300005100199490005100250650000900301650000900310650001700319700002400336700002400360710006100384 a9789251074350 (print) a9251074356 (print) a20707010 cUKMGB04a639 FEE 2013 A006 Or.1 aRamakrishna, R.10aFeeding and feed management of Indian major carps in Andhra Pradesh, India / avii, 90 pages :billustrations, maps ;c30 cm.0 aFAO fisheries and aquaculture technical paper, 0aCarp 0aCarp 0aCarp fishing1 aShipton, Thomas A.,1 aHasan, Mohammad R.,2 aFood and Agriculture Organization of the United Nations,